| 000 | 00759nam a22002291 4500 | ||
|---|---|---|---|
| 001 | 4543810 | ||
| 003 | BD-DhUL | ||
| 005 | 20161116182837.0 | ||
| 008 | 700217s1969 nju b 000 0 eng | ||
| 040 |
_aDLC _cDLC _dDLC _dBD-DhUL |
||
| 082 |
_a150 _bULP |
||
| 100 | 1 | _aUllmann, Leonard P. | |
| 245 | 1 | 2 |
_aA psychological approach to abnormal behavior / _cLeonard P. Ullmann [and] Leonard Krasner. |
| 260 |
_aEnglewood Cliffs, N.J. : _bPrentice-Hall, _cc1969. |
||
| 300 |
_axiii, 687 p. ; _c24 cm. |
||
| 490 | 0 | _aPrentice-Hall psychology series | |
| 504 | _aBibliography: p. 609-656. | ||
| 650 | 0 | _aPsychology, Pathological. | |
| 700 | 1 |
_aKrasner, Leonard, _d1924- _ejoint author. |
|
| 906 |
_a7 _bcbc _corignew _du _encip _f19 _gy-gencatlg |
||
| 942 |
_2ddc _cBK |
||
| 999 |
_c124684 _d124684 |
||